000 00991nam a2200229 a 4500
001 000041935
005 20201002035836.0
008 090819s1993 sp a 000 0 spa d
020 _a8400073630
040 _aDO-SdBNP
_bspa
_cBNPHU
082 _axxx
_bxxx
100 1 _aMartí, Joan
_968846
245 1 0 _aLa volcanología actual /
_cJoan Martí, Vicente Araña.
260 _aMadrid :
_bCSIC,
_c1993.
300 _a578 p. :
_bil., ;
_c25 cm.
490 1 _aNuevas tendencias
_v21
504 _aBibliografía : p. 575-578
505 t _aGénesis y evolución de magmas --
_tMecanismos eruptivos --
_tHidrovolcanismo --
_tIgnimbritas y calderas: perspectivas históricas, ideas actuales y desarrollos futuros --
_tRiesgo volcánico --
_tGases volcánicos --
_tVigilancia de volcanes activos: métodos geofísicos y geodésicos --
_tPaleovolcanismo
700 1 _aAraña, Vicente
_968847
710 2 _aConsejo Superior de Investigaciones Científicas
_94786
830 0 _aNuevas tendencias
_n21
_968848
999 _c41424
_d41424